| 000 | 00817cam a2200277 a 4500 | ||
|---|---|---|---|
| 001 | 000007486 | ||
| 003 | DO-SdBNP | ||
| 005 | 20240430112041.0 | ||
| 008 | 930125s1991 sp b 000 0 spa | ||
| 020 | _a8423319970 | ||
| 035 | _a(DLC) 93106932 | ||
| 040 |
_aDO-SdBNP _cDLC _dBNPHU |
||
| 049 | _aBNGR | ||
| 082 | 4 |
_a111.6 _bT821L _222 |
|
| 100 | 1 |
_aTrías, Eugenio, _d1942- _920798 |
|
| 245 | 1 | 0 |
_aLógica del límite / _cEugenio Trías. |
| 260 |
_aBarcelona : _bDestino, _c1991. |
||
| 300 |
_a547, [548] p. ; _c20 cm. |
||
| 490 | 1 |
_aEnsayos _v2 |
|
| 504 | _aBibliografía: (p. 533-[540]). | ||
| 650 | 4 |
_aLógica _xEnsayos, conferencias, etc. _920799 |
|
| 650 | 4 |
_aEstética _xEnsayos, conferencias, etc. _920800 |
|
| 830 | 0 |
_aEnsayos ; _v2 _911110 |
|
| 910 | _aCatalogación por copia / LC | ||
| 942 |
_2ddc _cLBS1 |
||
| 999 |
_c7267 _d7267 |
||